000 nam a22 7a 4500
999 _c232930
_d232930
003 Nust
005 20170227095347.0
008 170227b xxu||||| |||| 00| 0 eng d
040 _cDLC
082 _a891.4393 SYE
245 _aکلیات خلیل جبران
_cسید،حیدر جاوید
260 _aLahore :
_c2010
300 _a1176p. :
_c25cm
942 _2ddc
_cBK